La Clairière (Record no. 14048)

MARC details
010 ## - Numéro international normalisé du livre (ISBN)
ISBN 9782842609900
099 ## - Visibilité opac
notice masquée en opac Non
100 ## - Données générales de traitement
Données générales de traitement 20260326d u||y0frey50 ba
200 ## - Titre et mention de responsabilité
Titre propre La Clairière
Indication générale du type de document Livre
214 ## - Mentions de production, publication, diffusion et manufacture
Nom de l’éditeur éditions théâtrales
323 ## - Nombre de personnages
Texte de la note 8 personnages
330 ## - Résumé ou extrait
Texte de la note Le mur d'une résidence sécurisée s’effondre, exposant ses habitants à un monde perçu comme hostile. Propriétaires et locataires s’organisent ou fuient. Perrine recueille Karol, un inconnu de la forêt, déclenchant craintes et conflits. Face à la multiplication des disparitions de murs dans le pays, un compromis émerge par la construction d'un mur en bordure de forêt, symbole protecteur.
610 ## - Mot-clé
Mot-clé intimité
-- humour
-- couple
700 ## - Auteur principal
Nom Jaubertie
Prénom Stéphane
000 -Etiquette de la notice
Leader 00800nam a2200169 4500
005 - Identifiant de la version
Identifiant 20260326111137.0
Holdings
Exclu du prêt Date de création Site actuel Code barre Date prix de remplacement Cote Statut Site de rattachement Type de document Koha
  26.03.2026 Théâtre Joliette JOL-007748 26.03.2026 TH JAU 8   Théâtre Joliette Livre